[Event "Alsace-Baden"]
[Site "Strasbourg"]
[Date "2017.09.10"]
[Round "12"]
[White "Goettelmann, Guillaume"]
[Black "Hamid, Emran"]
[Result "0-1"]
[WhiteElo "2145"]
[BlackElo "2161"]
[PlyCount "86"]
[EventDate "2017.09.10"]
[EventType "team-match"]
[EventRounds "1"]
[EventCountry "FRA"]
[SourceTitle "CBM 180 Extra"]
[Source "ChessBase"]
[SourceDate "2017.10.06"]
[SourceVersion "1"]
[SourceVersionDate "2017.10.06"]
[SourceQuality "1"]
[WhiteTeam "Alsace"]
[BlackTeam "Baden"]
[WhiteTeamCountry "FRA"]
[BlackTeamCountry "GER"]

1. d4 Nf6 2. c4 e6 3. Nf3 Bb4+ 4. Bd2 Qe7 5. g3 0-0 6. Nc3 Nc6 7. Bg2 Bxc3 8. Bxc3 Ne4 9. Rc1 d6 10. 0-0 Nxc3 11. Rxc3 e5 12. d5 Nb8 13. Qc2 a5 14. c5 Na6 15. cxd6 cxd6 16. Nd2 b5 17. a3 Bd7 18. Qb1 b4 19. axb4 axb4 20. Rc2 Nc5 21. Ne4 Bf5 22. Rc4 Rab8 23. Qc1 Bxe4 24. Bxe4 f5 25. Bg2 Rb5 26. Qd2 Qb7 27. e3 Qb6 28. g4 g6 29. gxf5 gxf5 30. Qe2 Ra5 31. Qh5 Ra7 32. Bh3 Rg7+ 33. Kh1 Qb7 34. Rd1 Ne4 35. Qf3 Ng5 36. Qh5 Kh8 37. Rc6 Ne4 38. Qf3 Ng5 39. Qh5 Ne4 40. Qf3 Qf7 41. Qe2 Qh5 42. f3 Ng3+ 43. hxg3 Rxg3 0-1

[Event "Avoine op 31st"]
[Site "Avoine"]
[Date "2016.07.26"]
[Round "4"]
[White "Vervelle, Sebastien"]
[Black "Goettelmann, Guillaume"]
[Result "0-1"]
[WhiteElo "1796"]
[BlackElo "2103"]
[PlyCount "104"]
[EventDate "2016.07.23"]
[EventType "swiss"]
[EventRounds "9"]
[EventCountry "FRA"]
[SourceTitle "CBM 173 Extra"]
[Source "ChessBase"]
[SourceDate "2016.08.29"]
[SourceVersion "1"]
[SourceVersionDate "2016.08.29"]
[SourceQuality "1"]

1. e4 e6 2. d3 d5 3. Nd2 c5 4. Ngf3 Nc6 5. g3 Nf6 6. Bg2 Be7 7. 0-0 b5 8. e5 Nd7 9. Re1 Qc7 10. Nf1 Ndxe5 11. Nxe5 Nxe5 12. Bf4 f6 13. Bxe5 fxe5 14. Qh5+ g6 15. Qxe5 Qxe5 16. Rxe5 Bf6 17. Re2 Kf7 18. Ne3 Rb8 19. c3 h5 20. f4 Rd8 21. Nc2 b4 22. cxb4 Bxb2 23. Rb1 Bc3 24. b5 Bd7 25. a4 a6 26. Rb3 Ba5 27. Na3 Bb4 28. Bh3 Re8 29. Reb2 axb5 30. Nxb5 Bxb5 31. axb5 Rxb5 32. d4 Reb8 33. Re3 R5b6 34. Kf1 cxd4 35. Reb3 Ke7 36. Ke2 Kd6 37. Kd3 R8b7 38. Re2 Kc5 39. Rc2+ Bc3 40. Rxb6 Rxb6 41. Re2 Rb3 42. Rc2 Kd6 43. Ra2 Bb4+ 44. Kc2 Rc3+ 45. Kd1 d3 46. Rb2 Kc5 47. Bxe6 Ra3 48. Rb1 Ra2 49. Bxd5 Re2 50. Rxb4 Kxb4 51. Bf7 Rxh2 52. Bxg6 Kc3 0-1

[Event "Avoine op 31st"]
[Site "Avoine"]
[Date "2016.07.25"]
[Round "3"]
[White "Goettelmann, Guillaume"]
[Black "Devallee, Jeremie"]
[Result "0-1"]
[WhiteElo "2103"]
[BlackElo "2284"]
[PlyCount "52"]
[EventDate "2016.07.23"]
[EventType "swiss"]
[EventRounds "9"]
[EventCountry "FRA"]
[SourceTitle "CBM 173 Extra"]
[Source "ChessBase"]
[SourceDate "2016.08.29"]
[SourceVersion "1"]
[SourceVersionDate "2016.08.29"]
[SourceQuality "1"]

1. d4 Nf6 2. c4 e6 3. Nf3 Bb4+ 4. Bd2 a5 5. g3 0-0 6. Bg2 d5 7. Qc2 Nc6 8. 0-0 Bd7 9. Bf4 Bd6 10. Nbd2 Nb4 11. Qc3 dxc4 12. Bxd6 cxd6 13. Qxc4 Qb6 14. a3 Na6 15. Qb3 Qxb3 16. Nxb3 Nb8 17. Rac1 Bb5 18. Rfe1 Nc6 19. e4 a4 20. Nbd2 d5 21. e5 Ne8 22. Bf1 Nc7 23. Rc5 Bxf1 24. Kxf1 Ra6 25. Rec1 Rb6 26. R1c2 Nb5 0-1

[Event "Avoine op 31st"]
[Site "Avoine"]
[Date "2016.07.24"]
[Round "2"]
[White "Burri, Quentin"]
[Black "Goettelmann, Guillaume"]
[Result "1/2-1/2"]
[WhiteElo "2294"]
[BlackElo "2103"]
[PlyCount "44"]
[EventDate "2016.07.23"]
[EventType "swiss"]
[EventRounds "9"]
[EventCountry "FRA"]
[SourceTitle "CBM 173 Extra"]
[Source "ChessBase"]
[SourceDate "2016.08.29"]
[SourceVersion "1"]
[SourceVersionDate "2016.08.29"]
[SourceQuality "1"]

1. e4 e5 2. Nf3 Nf6 3. Nxe5 d6 4. Nf3 Nxe4 5. d4 d5 6. Bd3 Bd6 7. 0-0 0-0 8. Nbd2 Re8 9. Re1 Bf5 10. Nf1 Bg6 11. Ng3 c6 12. Ng5 Nxg3 13. Bxg6 Rxe1+ 14. Qxe1 hxg6 15. hxg3 Nd7 16. Bf4 Bxf4 17. gxf4 Qe8 18. Qb4 Nb6 19. Re1 Qf8 20. Qxf8+ Kxf8 21. Nh7+ Kg8 22. Ng5 Kf8 1/2-1/2

[Event "Alsace-Baden"]
[Site "Strasbourg"]
[Date "2015.09.13"]
[Round "?.21"]
[White "Fugmann, Bernd"]
[Black "Goettelmann, Guillaume"]
[Result "1-0"]
[WhiteElo "1985"]
[BlackElo "2074"]
[PlyCount "47"]
[EventDate "2015.09.13"]
[EventType "team-match"]
[EventRounds "1"]
[EventCountry "FRA"]
[SourceTitle "EXT 2018"]
[Source "ChessBase"]
[SourceDate "2017.10.13"]
[SourceVersion "1"]
[SourceVersionDate "2017.10.13"]
[SourceQuality "1"]
[WhiteTeam "Baden"]
[BlackTeam "Alsace"]
[WhiteTeamCountry "GER"]
[BlackTeamCountry "FRA"]

1. e4 e5 2. Nf3 Nc6 3. Bc4 Nf6 4. d3 Be7 5. c3 d6 6. Bb3 0-0 7. h3 h6 8. 0-0 Nh7 9. d4 Ng5 10. Nxg5 Bxg5 11. f4 Bxf4 12. Bxf4 exf4 13. Rxf4 Qg5 14. Rf3 Kh8 15. Qe2 f5 16. Nd2 Bd7 17. Raf1 Rfe8 18. Kh2 Qh5 19. Qd3 fxe4 20. Nxe4 Qh4 21. Bc2 Rxe4 22. Rf8+ Rxf8 23. Rxf8+ Kh7 24. Qxe4+ 1-0

[Event "Avoine op 30th"]
[Site "Avoine"]
[Date "2015.07.24"]
[Round "7"]
[White "Neau, Julien"]
[Black "Goettelmann, Guillaume"]
[Result "1-0"]
[WhiteElo "1879"]
[BlackElo "2143"]
[PlyCount "91"]
[EventDate "2015.07.18"]
[EventType "swiss"]
[EventRounds "9"]
[EventCountry "FRA"]
[SourceTitle "EXT 2016"]
[Source "ChessBase"]
[SourceDate "2015.10.08"]
[SourceVersion "1"]
[SourceVersionDate "2015.10.08"]
[SourceQuality "1"]

1. d4 Nf6 2. c4 g6 3. Nc3 d5 4. cxd5 Nxd5 5. e3 Bg7 6. Nxd5 Qxd5 7. Ne2 0-0 8. Nc3 Qd8 9. Be2 c5 10. d5 e6 11. e4 exd5 12. exd5 b6 13. 0-0 Bb7 14. Bf3 Nd7 15. d6 Bxf3 16. Qxf3 Ne5 17. Qd5 Qd7 18. Re1 Rfe8 19. Bh6 Bxh6 20. Rxe5 Rxe5 21. Qxe5 Re8 22. Qd5 Bg7 23. Rd1 Bd4 24. g3 Re6 25. Nb5 Qxb5 26. d7 Bf6 27. Qa8+ Kg7 28. d8Q Bxd8 29. Rxd8 Re1+ 30. Kg2 Qf1+ 31. Kf3 Qe2+ 32. Kg2 Rf1 33. Rg8+ Kh6 34. Qf8+ Kh5 35. Qxf7 Qe4+ 36. Kxf1 Qh1+ 37. Ke2 Qe4+ 38. Kd2 Qb4+ 39. Kc2 Qe4+ 40. Kc1 Qe1+ 41. Kc2 Qe2+ 42. Kc3 Qe1+ 43. Kc4 b5+ 44. Kxc5 Qc1+ 45. Kd6 Qd2+ 46. Qd5+ 1-0

[Event "Avoine op 30th"]
[Site "Avoine"]
[Date "2015.07.23"]
[Round "6"]
[White "Goettelmann, Guillaume"]
[Black "Vekemans, Sylvain"]
[Result "1/2-1/2"]
[WhiteElo "2143"]
[BlackElo "1892"]
[PlyCount "42"]
[EventDate "2015.07.18"]
[EventType "swiss"]
[EventRounds "9"]
[EventCountry "FRA"]
[SourceTitle "EXT 2016"]
[Source "ChessBase"]
[SourceDate "2015.10.08"]
[SourceVersion "1"]
[SourceVersionDate "2015.10.08"]
[SourceQuality "1"]

1. d4 Nf6 2. c4 e5 3. dxe5 Ng4 4. Nf3 Bc5 5. e3 Nc6 6. Nc3 Ngxe5 7. Nxe5 Nxe5 8. Be2 0-0 9. 0-0 a5 10. b3 Ra6 11. Qd5 Qe7 12. Na4 Ba7 13. Bb2 Ng6 14. c5 Nf4 15. exf4 Qxe2 16. Rae1 Qg4 17. f5 Rh6 18. Re3 Bb8 19. h3 c6 20. Qd3 d5 21. hxg4 Bh2+ 1/2-1/2

[Event "Avoine op 30th"]
[Site "Avoine"]
[Date "2015.07.20"]
[Round "3"]
[White "Sauviat, Thomas"]
[Black "Goettelmann, Guillaume"]
[Result "0-1"]
[WhiteElo "1938"]
[BlackElo "2143"]
[PlyCount "54"]
[EventDate "2015.07.18"]
[EventType "swiss"]
[EventRounds "9"]
[EventCountry "FRA"]
[SourceTitle "EXT 2016"]
[Source "ChessBase"]
[SourceDate "2015.10.08"]
[SourceVersion "1"]
[SourceVersionDate "2015.10.08"]
[SourceQuality "1"]

1. c4 e5 2. Nc3 Nf6 3. g3 c6 4. Nf3 e4 5. Nd4 Qb6 6. Nb3 a5 7. d3 a4 8. Nd2 exd3 9. exd3 Bc5 10. Nde4 Nxe4 11. Nxe4 Bb4+ 12. Bd2 d5 13. cxd5 cxd5 14. Nc3 0-0 15. Nxd5 Re8+ 16. Be2 Bxd2+ 17. Qxd2 Qc6 18. Qg5 f6 19. Rc1 fxg5 20. Rxc6 Nxc6 21. Nc7 Bf5 22. Nxe8 Rxe8 23. Kd2 Nd4 24. Bd1 Bd7 25. Kc3 Bc6 26. Rf1 Nf3 27. Bxf3 Bxf3 0-1

[Event "Basel op"]
[Site "Basel"]
[Date "2015.01.02"]
[Round "3"]
[White "Goettelmann, Guillaume"]
[Black "Meier, Volker"]
[Result "1/2-1/2"]
[WhiteElo "2097"]
[BlackElo "2254"]
[PlyCount "50"]
[EventDate "2015.01.01"]
[EventType "swiss"]
[EventRounds "7"]
[EventCountry "SUI"]
[SourceTitle "CBM 164 Extra"]
[Source "ChessBase"]
[SourceDate "2015.03.02"]
[SourceVersion "1"]
[SourceVersionDate "2015.03.02"]
[SourceQuality "1"]

1. d4 Nf6 2. c4 g6 3. Nc3 Bg7 4. e4 d6 5. Nf3 0-0 6. Be2 e5 7. 0-0 Nc6 8. d5 Ne7 9. Nd2 Nd7 10. b4 a5 11. bxa5 Rxa5 12. Nb3 Ra8 13. a4 f5 14. f3 f4 15. Ba3 b6 16. Bb4 Nc5 17. a5 h5 18. Qc2 g5 19. axb6 Rxa1 20. Rxa1 cxb6 21. Bxc5 bxc5 22. Qa2 g4 23. Qa5 g3 24. Qxd8 Rxd8 25. Nb5 Bf8 1/2-1/2

[Event "Basel op"]
[Site "Basel"]
[Date "2015.01.02"]
[Round "2"]
[White "Sand, Rolf"]
[Black "Goettelmann, Guillaume"]
[Result "0-1"]
[WhiteElo "1986"]
[BlackElo "2097"]
[PlyCount "72"]
[EventDate "2015.01.01"]
[EventType "swiss"]
[EventRounds "7"]
[EventCountry "SUI"]
[SourceTitle "CBM 164 Extra"]
[Source "ChessBase"]
[SourceDate "2015.03.02"]
[SourceVersion "1"]
[SourceVersionDate "2015.03.02"]
[SourceQuality "1"]

1. c4 Nf6 2. g3 g6 3. Bg2 d5 4. cxd5 Nxd5 5. Nc3 Nb6 6. Nf3 Bg7 7. 0-0 Nc6 8. d3 0-0 9. Be3 e5 10. Rc1 Nd4 11. Qd2 Bg4 12. Ne1 c6 13. h3 Be6 14. Bh6 Qd7 15. Bxg7 Kxg7 16. Kh2 Rad8 17. Nc2 Nc4 18. Qe1 Nxb2 19. Ne3 b5 20. Rb1 Na4 21. Nxa4 bxa4 22. Qd2 Rb8 23. Rfc1 Rb6 24. Nd1 Bd5 25. Nc3 Bxg2 26. Kxg2 c5 27. e4 Rfb8 28. Qd1 a3 29. Rxb6 axb6 30. Qa4 Qd8 31. Qxa3 Qf6 32. Rd1 Qf3+ 33. Kg1 Nb5 34. Nxb5 Qxd1+ 35. Kg2 Rd8 36. Qb2 f6 0-1

[Event "Basel op"]
[Site "Basel"]
[Date "2015.01.01"]
[Round "1"]
[White "Goettelmann, Guillaume"]
[Black "Van Foreest, Jorden"]
[Result "0-1"]
[WhiteElo "2097"]
[BlackElo "2472"]
[PlyCount "84"]
[EventDate "2015.01.01"]
[EventType "swiss"]
[EventRounds "7"]
[EventCountry "SUI"]
[SourceTitle "CBM 164 Extra"]
[Source "ChessBase"]
[SourceDate "2015.03.02"]
[SourceVersion "1"]
[SourceVersionDate "2015.03.02"]
[SourceQuality "1"]

1. d4 d5 2. c4 c6 3. Nf3 Nf6 4. Nc3 dxc4 5. a4 e6 6. e4 Bb4 7. e5 Nd5 8. Bd2 b5 9. axb5 Bxc3 10. bxc3 cxb5 11. Ng5 Nc6 12. Qh5 Qe7 13. h4 a5 14. Rh3 Bd7 15. Rf3 g6 16. Qg4 f6 17. exf6 e5 18. f7+ Qxf7 19. Qe4 Qg8 20. Nf7 Be6 21. Nd6+ Kd7 22. Nxb5 Bf5 23. Rxf5 gxf5 24. Qxf5+ Qe6 25. Qxe6+ Kxe6 26. Bxc4 Rhc8 27. f4 Nxd4 28. Bxd5+ Kxd5 29. cxd4 exd4 30. Ke2 Kc5 31. Na3 Rcb8 32. g4 Rb3 33. Rc1+ Kd5 34. Nc4 a4 35. Ne5 a3 36. Nc6 a2 37. Nb4+ Rxb4 38. Bxb4 a1Q 39. Rxa1 Rxa1 40. Kd3 Rg1 41. g5 Rg3+ 42. Ke2 Ke4 0-1

[Event "Basel op"]
[Site "Basel"]
[Date "2014.01.01"]
[Round "1"]
[White "Goettelmann, Guillaume"]
[Black "Maeurer, Christoph"]
[Result "1/2-1/2"]
[WhiteElo "2059"]
[BlackElo "2281"]
[PlyCount "66"]
[EventDate "2014.01.01"]
[EventType "swiss"]
[EventRounds "7"]
[EventCountry "SUI"]
[SourceTitle "CBM 158 Extra"]
[Source "ChessBase"]
[SourceDate "2014.02.28"]
[SourceVersion "1"]
[SourceVersionDate "2014.02.28"]
[SourceQuality "1"]

1. d4 e6 2. c4 Nf6 3. Nf3 Bb4+ 4. Bd2 c5 5. g3 Bxd2+ 6. Qxd2 cxd4 7. Qxd4 Nc6 8. Qd3 Qb6 9. Nc3 Qxb2 10. Rb1 Qa3 11. Bg2 0-0 12. 0-0 Qe7 13. Rfd1 Rd8 14. e4 d6 15. Nb5 Ne8 16. Qa3 e5 17. Nc3 Nf6 18. Rd2 Bg4 19. Nd5 Nxd5 20. cxd5 Bxf3 21. dxc6 Bxg2 22. Rxb7 Qg5 23. c7 Qxd2 24. cxd8Q+ Rxd8 25. Kxg2 Qd4 26. f3 Qd2+ 27. Kh3 Qh6+ 28. Kg2 Qd2+ 29. Kh3 Rc8 30. Qb3 Qh6+ 31. Kg2 Qd2+ 32. Kh3 Qh6+ 33. Kg2 Qd2+ 1/2-1/2

[Event "Avoine op 28th"]
[Site "Avoine"]
[Date "2013.07.22"]
[Round "3"]
[White "Goettelmann, Guillaume"]
[Black "Vedmediuc, Serghei"]
[Result "0-1"]
[WhiteElo "2058"]
[BlackElo "2460"]
[PlyCount "74"]
[EventDate "2013.07.20"]
[EventType "swiss"]
[EventRounds "9"]
[EventCountry "FRA"]
[SourceTitle "CBM 155 Extra"]
[Source "ChessBase"]
[SourceDate "2013.08.26"]
[SourceVersion "1"]
[SourceVersionDate "2013.08.26"]
[SourceQuality "1"]

1. d4 g6 2. c4 Bg7 3. Nc3 d6 4. e4 Nc6 5. Be3 Nf6 6. h3 e5 7. d5 Nd4 8. Nge2 c5 9. dxc6 Nxc6 10. Qd2 0-0 11. g4 Be6 12. g5 Nh5 13. Nd5 Rc8 14. Nec3 Nd4 15. 0-0-0 Bxd5 16. Nxd5 b5 17. Bxd4 exd4 18. b3 a5 19. Kb1 a4 20. cxb5 d3 21. Bxd3 axb3 22. a4 Ra8 23. Qb4 Qxg5 24. Qxb3 Qe5 25. Nb6 Nf4 26. Nc4 Qd4 27. Nb2 Rfc8 28. Bc2 Qe5 29. Rd2 Rxa4 30. Bd3 Rxe4 31. Rhd1 Nxd3 32. Rxd3 Re2 33. R1d2 Rxd2 34. Rxd2 Rc5 35. b6 Rb5 36. Qc2 h5 37. b7 Kh7 0-1

[Event "Lille Luce op 4th"]
[Site "Lille"]
[Date "2013.04.15"]
[Round "3"]
[White "Schoorl, Rob"]
[Black "Goettelmann, Guillaume"]
[Result "1-0"]
[WhiteElo "2326"]
[BlackElo "2061"]
[PlyCount "51"]
[EventDate "2013.04.13"]
[EventType "swiss"]
[EventRounds "9"]
[EventCountry "FRA"]
[SourceTitle "CBM 154 Extra"]
[Source "ChessBase"]
[SourceDate "2013.06.25"]
[SourceVersion "2"]
[SourceVersionDate "2013.06.25"]
[SourceQuality "1"]

1. e4 c5 2. Nf3 Nc6 3. Bb5 d6 4. 0-0 Bd7 5. c3 Nf6 6. Re1 a6 7. Bf1 Bg4 8. h3 Bh5 9. d3 e6 10. Nbd2 Be7 11. g4 Bg6 12. Nh2 h5 13. g5 Nd7 14. h4 Qc7 15. Bh3 0-0-0 16. Ndf1 Kb8 17. Bf4 Nf8 18. Bg3 f6 19. f4 fxg5 20. fxg5 e5 21. Ne3 Bf7 22. Nd5 Qa5 23. a3 c4 24. dxc4 Qc5+ 25. Bf2 Qxc4 26. Bf1 1-0

[Event "Marseille op 5th"]
[Site "Marseille"]
[Date "2012.12.27"]
[Round "5"]
[White "Loiseau, Quentin"]
[Black "Goettelmann, Guillaume"]
[Result "1-0"]
[WhiteElo "2370"]
[BlackElo "2030"]
[PlyCount "35"]
[EventDate "2012.12.26"]
[EventType "swiss"]
[EventRounds "9"]
[EventCountry "FRA"]
[SourceTitle "EXT 2014"]
[Source "ChessBase"]
[SourceDate "2013.11.20"]
[SourceVersion "1"]
[SourceVersionDate "2013.11.20"]
[SourceQuality "1"]

1. Nf3 Nf6 2. c4 g6 3. Nc3 d5 4. Qa4+ Bd7 5. Qb3 dxc4 6. Qxc4 a6 7. e4 b5 8. Qe2 c5 9. e5 Nh5 10. Ne4 c4 11. g3 Nc6 12. Bg2 Bg4 13. Neg5 Nd4 14. Nxd4 Qxd4 15. Bc6+ Kd8 16. f3 Rc8 17. fxg4 Rxc6 18. gxh5 1-0

[Event "Baden-Elsass m"]
[Site "Endingen"]
[Date "2012.09.16"]
[Round "1.19"]
[White "Goettelmann, Guillaume"]
[Black "Kramer, Colin"]
[Result "0-1"]
[WhiteElo "2046"]
[BlackElo "2005"]
[PlyCount "120"]
[EventDate "2012.09.16"]
[EventType "team-match"]
[EventRounds "1"]
[EventCountry "GER"]
[SourceTitle "EXT 2013"]
[Source "ChessBase"]
[SourceDate "2012.11.22"]
[SourceVersion "1"]
[SourceVersionDate "2012.11.22"]
[SourceQuality "1"]
[WhiteTeam "Elsass"]
[BlackTeam "Baden"]
[WhiteTeamCountry "FRA"]
[BlackTeamCountry "GER"]

1. d4 e6 2. c4 Nf6 3. Nf3 b6 4. g3 Bb7 5. Bg2 Be7 6. 0-0 0-0 7. d5 exd5 8. Nh4 Ne4 9. cxd5 Bxh4 10. Bxe4 Bf6 11. Qc2 g6 12. Bh6 Re8 13. Nc3 Na6 14. a3 Nc5 15. Bg2 Be5 16. b4 Na6 17. Rac1 Qf6 18. Ne4 Qf5 19. b5 Nc5 20. Nxc5 Qxc2 21. Rxc2 bxc5 22. Rxc5 a6 23. a4 axb5 24. axb5 Ra2 25. e3 Rb2 26. Bf4 Bxf4 27. gxf4 d6 28. Rxc7 Rxb5 29. Rd1 Kf8 30. Rd7 Rb6 31. Bf3 Re7 32. Rxe7 Kxe7 33. Rd2 Rb5 34. Kg2 f5 35. Kg3 Kf6 36. h4 h6 37. e4 Rb3 38. exf5 Kxf5 39. Rd4 Ba6 40. Kg2 Bf1+ 41. Kxf1 Rxf3 42. Kg2 Rxf4 43. Rd3 Rxh4 44. Kg3 Rg4+ 45. Kh3 h5 46. f3 Rb4 47. Kg3 g5 48. Kh3 Kf4 49. Kg2 Rb2+ 50. Kg1 Kg3 51. Kf1 Rf2+ 52. Kg1 Rxf3 53. Rd2 h4 54. Rg2+ Kf4 55. Rd2 g4 56. Rd4+ Kg3 57. Rd2 h3 58. Rg2+ Kf4 59. Rd2 g3 60. Kh1 Rf1# 0-1

[Event "Avoine op 27th"]
[Site "Avoine"]
[Date "2012.07.27"]
[Round "7"]
[White "Goettelmann, Guillaume"]
[Black "Mevel, Alberic"]
[Result "0-1"]
[WhiteElo "2007"]
[BlackElo "2188"]
[PlyCount "90"]
[EventDate "2012.07.21"]
[EventType "swiss"]
[EventRounds "9"]
[EventCountry "FRA"]
[SourceTitle "CBM 149 Extra"]
[Source "ChessBase"]
[SourceDate "2012.08.24"]
[SourceVersion "1"]
[SourceVersionDate "2012.08.24"]
[SourceQuality "1"]

1. d4 Nf6 2. Nf3 g6 3. c4 Bg7 4. Nc3 d5 5. cxd5 Nxd5 6. e4 Nxc3 7. bxc3 0-0 8. Rb1 c5 9. Be2 cxd4 10. cxd4 Qa5+ 11. Bd2 Qxa2 12. 0-0 b6 13. Qc1 Qe6 14. e5 Bb7 15. Qa3 Bd5 16. Rfc1 Nc6 17. Qa4 h6 18. Ne1 Qd7 19. Bb5 Rfc8 20. Nd3 a6 21. Bxa6 Rd8 22. Nf4 Nxd4 23. Qxd7 Rxd7 24. Rc8+ Rxc8 25. Bxc8 Rd8 26. Nxd5 Rxd5 27. Be3 Bxe5 28. Rxb6 Nc2 29. Rb1 Nxe3 30. fxe3 Rd2 31. Bg4 h5 32. Rd1 Rb2 33. Bf3 Bc7 34. Re1 Bb6 35. Kf1 Kg7 36. Re2 Rb1+ 37. Kf2 Rb3 38. Bd5 Rd3 39. Bc4 Rc3 40. Ba2 f5 41. Kf3 g5 42. g3 g4+ 43. Kf2 e5 44. Bd5 f4 45. gxf4 exf4 0-1

[Event "Basel Hilton op 14th"]
[Site "Basel"]
[Date "2012.01.05"]
[Round "7"]
[White "Eidinger, Helmut"]
[Black "Goettelmann, Guillaume"]
[Result "1-0"]
[WhiteElo "2104"]
[BlackElo "1991"]
[PlyCount "45"]
[EventDate "2012.01.01"]
[EventType "swiss"]
[EventRounds "7"]
[EventCountry "SUI"]
[SourceTitle "CBM 146 Extra"]
[Source "ChessBase"]
[SourceDate "2012.02.29"]
[SourceVersion "1"]
[SourceVersionDate "2012.02.29"]
[SourceQuality "1"]

1. e4 e5 2. Nf3 Nc6 3. Bb5 a6 4. Bxc6 dxc6 5. 0-0 Qd6 6. Na3 b5 7. c3 c5 8. Nc2 Bb7 9. d4 cxd4 10. cxd4 exd4 11. Ncxd4 g6 12. Qe2 c5 13. Nb3 Qc7 14. Be3 Nf6 15. Nxc5 Bxc5 16. Rac1 Nd7 17. b4 0-0 18. bxc5 Bxe4 19. Bh6 Rfe8 20. Qb2 f6 21. Qb3+ Kh8 22. Qf7 Rg8 23. Rfe1 1-0